Analýza veľkoplošného chladiaceho systému pre klimatizačné účely

Saved in:
Bibliographic Details
Main Author: Huriev, Vladyslav (Author)
Other Authors: Mlynár, Peter (Thesis advisor)
Format: Manuscript Book
Language:Slovak
Published: 2025
Subjects:
Online Access:http://is.stuba.sk/zp/portal_zp.pl?podrobnosti=177901
Tags: Add Tag
No Tags, Be the first to tag this record!

MARC

LEADER 00000ntm a22000003a 4500
001 stuzp105122
003 SK-STU
005 20250628212358.2
007 ta
008 150427s2015----xo-----f-mn---000-0-slo-d
040 |a STU  |b slo 
041 0 |a slo 
100 1 |a Huriev, Vladyslav  |u 020060  |4 aut  |U SjF Strojnícka fakulta  |T SjF Ústav energetických strojov a zariadení  |X 122296  |U J0060  |Y 805  |7 122296 
242 0 1 |a Analysis of a large area cooling system for air conditioning purposes  |y eng 
245 1 0 |a Analýza veľkoplošného chladiaceho systému pre klimatizačné účely 
260 |c 2025 
650 4 |a chladiaci systém  |2 slo 
650 4 |a veľkoplošný výparník  |2 slo 
650 4 |a klimatizácia  |2 slo 
650 4 |a matematický model  |2 slo 
650 4 |a energetická efektívnosti  |2 slo 
650 4 |a ekonomické hodnotenie  |2 slo 
650 4 |a chladenie atmosférického vzduchu  |2 slo 
650 4 |a cooling system  |2 eng 
650 4 |a large-surface evaporator  |2 eng 
650 4 |a air conditioning  |2 eng 
650 4 |a mathematical model  |2 eng 
650 4 |a energy efficiency  |2 eng 
650 4 |a economic evaluation  |2 eng 
650 4 |a atmospheric air cooling  |2 eng 
700 1 |a Mlynár, Peter  |u 020060  |k Z1  |4 ths  |U SjF Strojnícka fakulta  |T SjF Ústav energetických strojov a zariadení  |X 13110  |U J0060  |Y 805  |7 A000013110 
856 4 |u http://is.stuba.sk/zp/portal_zp.pl?podrobnosti=177901